| 000 | 00849nam a22002177a 4500 | ||
|---|---|---|---|
| 999 |
_c20433 _d20433 |
||
| 003 | AR-CdUCM | ||
| 008 | 190306b ||||| |||| 00| 0 spa d | ||
| 040 |
_aMUNICIPALIDAD PROVINCIAL DEL CUSCO _cBIBLIOTECA MUNICIPAL DEL CUSCO |
||
| 082 |
_a346.13 / _bG25 |
||
| 100 |
_aGarcia Salazar, Jose A. _911779 |
||
| 245 |
_aJurisprudencia de los registros públicos : _bRecopilación concordada, anotada y comentada de la jurisprudencia de los registros públicos / |
||
| 260 |
_aLima : _c1961. |
||
| 300 |
_a188 páginas ; _c25 cm. |
||
| 505 | _aContenido : Actuados judiciales -- Diligencias de cierres -- Gravámenes -- Mandatos y mandatarios... | ||
| 650 |
_aJurisprudencia. _9927 |
||
| 650 |
_aFacultades de los registradores _942729 |
||
| 650 |
_aMensura y linderación _942730 |
||
| 650 |
_aDerecho. _9739 |
||
| 942 |
_2ddc _cLIBROS |
||
| 945 | _arcc | ||